[Event "San Francisco"]
[Site "San Francisco"]
[Date "1995.??.??"]
[Round "7"]
[White "Xie, Jun"]
[Black "Ashley, Maurice"]
[Result "1-0"]
[WhiteElo "2515"]
[BlackElo "2460"]
[Annotator "Boensch,U"]
[PlyCount "131"]
[EventDate "1995.??.??"]
[EventType "game"]
[EventCountry "ARG"]
[SourceTitle "CBM 046"]
[Source "ChessBase"]
[SourceDate "1995.06.01"]
[SourceVersion "1"]
[SourceVersionDate "1995.06.01"]
[SourceQuality "1"]

1. e4 c5 2. Nf3 d6 3. d4 Nf6 4. Nc3 cxd4 5. Nxd4 Nc6 6. Be2 e5 7. Nf3 h6 8. O-O
Be7 9. Re1 O-O 10. h3 Be6 11. Bf1 Nb8 {Schwarz mцchte nach Nd5 mit dem N auf
d5 schlagen kцnnen, auЯerdem wird der Nc6 nach d7 umgruppiert, von wo aus er
nach c5 oder b6 gehen kann und nicht mehr die c -Linie verstellt, in der ein
schwarzer R wirken soll.} 12. a4 (12. b3 Nbd7 13. Bb2 a6 14. a4 Rc8 15. Nd2 Qa5
16. Nc4 Bxc4 17. Bxc4 Nb6 18. Bf1 Rxc3 19. Qd2 Rfc8 20. Re3 Nxe4 21. Rxe4 Qd5
22. Qxd5 Nxd5 23. Bxc3 Nxc3 $44 {Drozdov,I-Kozul,Z Groningen op (04) 1994 1/2
43}) 12... Nbd7 13. a5 a6 14. b3 (14. Nd5 Nxd5 15. exd5 Bf5 16. c4 (16. Nd2 Bg6
17. b4 f5 18. c4 Re8 19. Nb3 Bf8 20. Bb2 f4 21. c5 dxc5 22. bxc5 Nxc5 23. Rxe5
$10 {Glek,I-Van der Wiel,J Tilburg (01) 1994 1/2 62 - CBM 44}) 16... Bf6 (16...
Re8 17. b4 e4 18. Nd4 Bg6 19. Bf4 Rc8 20. Qd2 Bg5 21. Bxg5 hxg5 $14 {
Kindermann,S-Kozul,Z Muenchen op9293 (05) 1992 1/2 53}) 17. Be3 e4 18. Nd4 Bg6
19. b4 Re8 20. Qb3 Ne5 21. c5 Nd3 22. c6 bxc6 23. Bxd3 exd3 24. Nxc6 $13 {
Zagrebelny,S-Obodchuk,A Moskow1 (08) 1995 1-0 82 -CBM 46}) 14... Kh8 (14... Rc8
15. Bb2 Re8 16. Nd5 Nxd5 17. exd5 Bf5 18. c4 e4 19. Nd2 Bg5 20. b4 Ne5 21. c5
Bxd2 22. Qxd2 dxc5 $15 {Ermenkov,E-Greenfeld,A Elenite (03) 1994 0-1 37 - CBM
44}) 15. Bb2 b5 (15... Rc8 16. Nd5 Nxd5 17. exd5 Bf5 18. c4 $14) 16. axb6 Qxb6
17. Nd5 Bxd5 (17... Nxd5 18. exd5 Bf5 19. Nd4 $16) 18. exd5 Qb7 19. c4 $14 {^^}
Rfe8 (19... Nc5 20. Ba3 Qxb3 21. Bxc5 Qxd1 22. Raxd1 dxc5 23. d6 Bd8 24. Nxe5
$16 {/\ g3, Bg2}) 20. Bd3 Nc5 21. Bc2 a5 22. Bc3 Bd8 23. Ra3 Ra6 24. Nd2 Bb6
25. Nf1 Ncd7 26. Qf3 Rea8 27. Rea1 $16 Nf8 (27... Qc7 28. Bf5 Nf8 29. Ng3 $16)
28. Ng3 R6a7 29. Nf5 Ne8 30. Ra4 Qc7 31. Re1 Qd8 32. Qg3 Qf6 33. h4 Bc5 34. Qf3
g6 35. Qg3 (35. Nxh6 Qxf3 36. gxf3 f5 $44) 35... gxf5 36. Rxe5 dxe5 $2 (36...
f4 $2 37. Rxe8 fxg3 38. Bxf6+ Kg8 39. Re4 $16) (36... Bxf2+ $1 37. Qxf2 (37.
Kxf2 f4 $19) 37... dxe5 $19) 37. Bxe5 $14 Nh7 38. Bxf6+ Nhxf6 39. Qf4 Kg7 40.
Ra1 Re7 41. Kf1 Nd6 42. Qg3+ (42. Bxf5 Nxf5 43. Qxf5 $14) 42... Kh7 43. Qf4
Rae8 44. Bxf5+ Nxf5 45. Qxf5+ Kg7 46. Qd3 Re4 $2 (46... Ne4 47. f4 $13 (47.
Rxa5 Bxf2 48. d6 Rd7 49. c5 $13)) 47. g3 Rd4 48. Qc3 Ne4 49. Qxa5 $16 Rd3 (
49... Rd2 50. Ra2 Rxa2 51. Qxa2 Bxf2 $16) 50. Ra2 Bd4 51. Kg2 Nxf2 $2 52. Rxf2
Bxf2 53. Kxf2 $18 Ree3 54. Qa1+ Kg8 55. Qa8+ Kg7 56. d6 Re6 (56... Rxg3 57. d7
$18) 57. c5 Rd2+ 58. Kf3 Rd3+ 59. Kf4 Rf6+ 60. Ke4 Rd1 61. Qa5 Re6+ 62. Kf3
Rd3+ 63. Kf2 Rf6+ 64. Ke2 Rff3 65. Qa1+ Kg6 (65... Kg8 66. Qa8+ Kg7 67. Qxf3
$18) 66. Qe5 1-0

[Event "Bermuda-A"]
[Site "Bermuda"]
[Date "1995.??.??"]
[Round "2"]
[White "Pein, Malcolm"]
[Black "Ashley, Maurice"]
[Result "1-0"]
[WhiteElo "2415"]
[BlackElo "2460"]
[PlyCount "138"]
[EventDate "1995.01.??"]
[EventType "tourn"]
[EventRounds "9"]
[EventCountry "BER"]
[EventCategory "10"]
[SourceTitle "CBM 046"]
[Source "ChessBase"]
[SourceDate "1995.06.01"]
[SourceVersion "1"]
[SourceVersionDate "1995.06.01"]
[SourceQuality "1"]

1. d4 Nf6 2. c4 e6 3. Nc3 Bb4 4. e3 c5 5. Bd3 Nc6 6. Nge2 d5 7. cxd5 exd5 8. a3
Bxc3+ 9. bxc3 O-O 10. f3 Re8 11. O-O Be6 12. Ng3 Rc8 13. Ra2 Rc7 14. Re2 Na5
15. Bc2 Bd7 16. e4 cxd4 17. e5 Bb5 18. exf6 Bxe2 19. Nxe2 Qxf6 20. Nf4 Qe5 21.
cxd4 Qd6 22. Qd3 g6 23. Ba4 Rec8 24. Ne2 Rc4 25. Bb5 Rc2 26. Bd2 Nb3 27. Bb4
Qb6 28. Bd7 R8c4 29. Qe3 Rxb4 30. axb4 Qxb4 31. Nf4 Qxd4 32. Qxd4 Nxd4 33. Rd1
Ne2+ 34. Nxe2 Rxe2 35. Rxd5 Kg7 36. Bc8 Re7 37. Rb5 b6 38. Kf2 Rc7 39. Ba6 Kf6
40. Rb2 g5 41. Ke3 h5 42. Bd3 Rc5 43. Kd4 Ra5 44. Rc2 Ra1 45. h3 h4 46. Rc6+
Kg7 47. Be4 Ra2 48. f4 gxf4 49. Ke5 Ra4 50. Rc7 Ra5+ 51. Kxf4 a6 52. Rb7 Rb5
53. Rd7 Kf6 54. Bd5 Rb4+ 55. Ke3 a5 56. Bxf7 b5 57. Bg8 Rb2 58. Bd5 a4 59. Kd4
b4 60. Rf7+ Kg6 61. Ra7 a3 62. Be4+ Kf6 63. Ra6+ Ke7 64. Bd5 Rd2+ 65. Kc5 Rb2
66. Ra4 b3 67. Rxa3 Rc2+ 68. Kb4 b2 69. Rb3 Rd2 1-0

[Event "Bermuda-A"]
[Site "Bermuda"]
[Date "1995.??.??"]
[Round "3"]
[White "Ashley, Maurice"]
[Black "Vescovi, Giovanni P"]
[Result "1/2-1/2"]
[WhiteElo "2460"]
[BlackElo "2465"]
[PlyCount "77"]
[EventDate "1995.01.??"]
[EventType "tourn"]
[EventRounds "9"]
[EventCountry "BER"]
[EventCategory "10"]
[SourceTitle "CBM 046"]
[Source "ChessBase"]
[SourceDate "1995.06.01"]
[SourceVersion "1"]
[SourceVersionDate "1995.06.01"]
[SourceQuality "1"]

1. d4 Nf6 2. Nf3 c5 3. c3 e6 4. e3 Nc6 5. Bd3 d5 6. O-O Bd6 7. Nbd2 O-O 8. e4
cxd4 9. cxd4 e5 10. dxe5 Nxe5 11. Nxe5 Bxe5 12. exd5 Qxd5 13. Nf3 Bb8 14. Bg5
Bg4 15. Bxf6 Qh5 16. Bh4 Bxf3 17. Qxf3 Qxh4 18. g3 Qf6 19. Qxb7 Be5 20. Rab1
Rad8 21. Qe4 g6 22. b3 Rd4 23. Qe2 Rfd8 24. Rbd1 Bc7 25. Bc4 Bb6 26. Rxd4 Rxd4
27. Re1 Rd7 28. Kg2 Re7 29. Qd2 Rxe1 30. Qxe1 Qc6+ 31. f3 Qd7 32. b4 h5 33. h4
Kf8 34. Qc3 Qd1 35. Qh8+ Ke7 36. Qe5+ Kf8 37. Qh8+ Ke7 38. Qe5+ Kf8 39. Qh8+
1/2-1/2

[Event "Bermuda-A"]
[Site "Bermuda"]
[Date "1995.??.??"]
[Round "4"]
[White "Waitzkin, Joshua"]
[Black "Ashley, Maurice"]
[Result "1/2-1/2"]
[WhiteElo "2435"]
[BlackElo "2460"]
[PlyCount "71"]
[EventDate "1995.01.??"]
[EventType "tourn"]
[EventRounds "9"]
[EventCountry "BER"]
[EventCategory "10"]
[SourceTitle "CBM 046"]
[Source "ChessBase"]
[SourceDate "1995.06.01"]
[SourceVersion "1"]
[SourceVersionDate "1995.06.01"]
[SourceQuality "1"]

1. e4 c5 2. Nf3 d6 3. d4 Nf6 4. Nc3 cxd4 5. Nxd4 Nc6 6. g3 e6 7. Bg2 Qc7 8. O-O
a6 9. Nde2 Be7 10. h3 b5 11. a3 O-O 12. g4 Bb7 13. g5 Nd7 14. f4 Rfe8 15. h4 a5
16. Be3 Ba6 17. a4 bxa4 18. Nxa4 Rab8 19. Rf2 d5 20. exd5 exd5 21. Nd4 Nb4 22.
Qf3 Nc5 23. Nxc5 Bxc5 24. Rd1 Nd3 25. cxd3 Rxe3 26. Qxe3 Qb6 27. Rdd2 Bxd4 28.
Qe1 Qc5 29. Kh2 Bxf2 30. Qxf2 Qxf2 31. Rxf2 Bxd3 32. Bxd5 Rd8 33. Bf3 Bf5 34.
Kg3 Rd3 35. Re2 f6 36. Kf2 1/2-1/2

[Event "Bermuda-A"]
[Site "Bermuda"]
[Date "1995.??.??"]
[Round "6"]
[White "Ivanov, Alexander"]
[Black "Ashley, Maurice"]
[Result "1-0"]
[WhiteElo "2515"]
[BlackElo "2460"]
[PlyCount "73"]
[EventDate "1995.01.??"]
[EventType "tourn"]
[EventRounds "9"]
[EventCountry "BER"]
[EventCategory "10"]
[SourceTitle "CBM 046"]
[Source "ChessBase"]
[SourceDate "1995.06.01"]
[SourceVersion "1"]
[SourceVersionDate "1995.06.01"]
[SourceQuality "1"]

1. e4 c5 2. Nf3 d6 3. d4 Nf6 4. Nc3 cxd4 5. Nxd4 Nc6 6. Bc4 e6 7. Be3 a6 8. Bb3
Be7 9. f4 O-O 10. Qe2 Bd7 11. O-O-O Na5 12. g4 Ne8 13. g5 Nc7 14. Rhg1 Nb5 15.
Kb1 Nxc3+ 16. bxc3 Qc8 17. Qd3 Rd8 18. f5 Nxb3 19. cxb3 g6 20. Rgf1 b5 21. h4
e5 22. Nc2 a5 23. Bb6 Re8 24. Ne3 Qb7 25. Nd5 Bc6 26. Be3 b4 27. c4 a4 28. Bc1
axb3 29. axb3 Ra5 30. Bb2 Bxd5 31. exd5 Qa7 32. h5 Ra2 33. f6 Bd8 34. hxg6 hxg6
35. Rd2 Bb6 36. Rh2 Bd4 37. Bxd4 1-0

[Event "Bermuda-A"]
[Site "Bermuda"]
[Date "1995.??.??"]
[Round "7"]
[White "Ashley, Maurice"]
[Black "Norwood, David"]
[Result "1-0"]
[WhiteElo "2460"]
[BlackElo "2545"]
[PlyCount "97"]
[EventDate "1995.01.??"]
[EventType "tourn"]
[EventRounds "9"]
[EventCountry "BER"]
[EventCategory "10"]
[SourceTitle "CBM 046"]
[Source "ChessBase"]
[SourceDate "1995.06.01"]
[SourceVersion "1"]
[SourceVersionDate "1995.06.01"]
[SourceQuality "1"]

1. d4 g6 2. Nf3 Bg7 3. g3 d5 4. Bg2 Nf6 5. c4 c6 6. O-O O-O 7. Qb3 dxc4 8. Qxc4
Na6 9. Nc3 Bf5 10. Ne5 Qb6 11. Qa4 Rfd8 12. Be3 Qxb2 13. Rfc1 Qb6 14. d5 c5 15.
g4 Qb4 16. gxf5 Qxa4 17. Nxa4 Nxd5 18. f4 Nxe3 19. Bxb7 Rab8 20. Bxa6 Rb4 21.
Nxc5 Rxf4 22. Ncd3 Rxf5 23. Nc6 Rg5+ 24. Kh1 Rd6 25. Rab1 Bf6 26. Rb4 h5 27.
Re4 Ng4 28. h3 Nh6 29. Bc8 e6 30. Kh2 Nf5 31. Nde5 Ng3 32. Re3 Nf5 33. Rf3 Kg7
34. Rcf1 Rd5 35. h4 Bxe5+ 36. Nxe5 Nxh4 37. Rxf7+ Kh6 38. Nf3 Nxf3+ 39. R1xf3
Rd2 40. Re3 e5 41. Rxa7 Rd4 42. Bh3 e4 43. Ra6 Re5 44. Rg3 Rg5 45. Bg2 h4 46.
Rxg5 Kxg5 47. Re6 Rd2 48. Rxe4 Rxa2 49. Bf3 1-0

[Event "World op 24th"]
[Site "Philadelphia"]
[Date "1996.??.??"]
[Round "?"]
[White "Ashley, Maurice"]
[Black "McCarthy, Brian"]
[Result "1-0"]
[WhiteElo "2460"]
[BlackElo "2290"]
[PlyCount "79"]
[EventDate "1996.??.??"]
[EventType "swiss"]
[EventRounds "9"]
[EventCountry "USA"]
[SourceTitle "EXT 2001"]
[Source "ChessBase"]
[SourceDate "2000.11.22"]
[SourceVersion "1"]
[SourceVersionDate "2000.11.22"]
[SourceQuality "1"]

1. e4 c5 2. Nf3 d6 3. d4 cxd4 4. Nxd4 Nf6 5. Nc3 a6 6. Be2 e5 7. Nb3 Be6 8. O-O
Be7 9. Kh1 O-O 10. f4 exf4 11. Bxf4 Nc6 12. Qe1 Ne8 13. Rd1 Bg5 14. Qg3 Bxf4
15. Qxf4 Qe7 16. Rd2 Ne5 17. Nd4 Nf6 18. Rfd1 g6 19. Qg5 Rad8 20. h3 Kg7 21.
Qg3 b5 22. Qf4 b4 23. Nd5 Nxd5 24. exd5 Bxd5 25. Nf5+ gxf5 26. Rxd5 Ng6 27.
Qd4+ Kg8 28. Bxa6 f4 29. Rf1 Qe6 30. Bc4 Qe3 31. Qf6 Qe4 32. Bb3 Qe2 33. Rfd1
Rde8 34. R5d2 Qh5 35. Rxd6 Re3 36. Rd8 Rxh3+ 37. Kg1 Rh1+ 38. Kf2 Qc5+ 39. R1d4
Qc7 40. R8d7 1-0

[Event "World op 24th"]
[Site "Philadelphia"]
[Date "1996.??.??"]
[Round "?"]
[White "Ashley, Maurice"]
[Black "Serper, Grigory"]
[Result "0-1"]
[WhiteElo "2460"]
[BlackElo "2540"]
[PlyCount "92"]
[EventDate "1996.??.??"]
[EventType "swiss"]
[EventRounds "9"]
[EventCountry "USA"]
[SourceTitle "EXT 2001"]
[Source "ChessBase"]
[SourceDate "2000.11.22"]
[SourceVersion "1"]
[SourceVersionDate "2000.11.22"]
[SourceQuality "1"]

1. e4 c5 2. Nf3 d6 3. d4 cxd4 4. Nxd4 Nf6 5. Nc3 Nc6 6. Bg5 e6 7. Qd2 a6 8.
O-O-O h6 9. Be3 Be7 10. f3 Nxd4 11. Bxd4 b5 12. Kb1 Rb8 13. Bxf6 Bxf6 14. Qxd6
Qxd6 15. Rxd6 Ke7 16. Rd3 Be5 17. Ne2 g5 18. Rd1 Bb7 19. Nc1 Rbd8 20. Rxd8 Rxd8
21. Nd3 Bd4 22. h3 f5 23. exf5 exf5 24. c3 Bb6 25. Be2 h5 26. Rc1 Be3 27. Re1
Kf6 28. Kc2 f4 29. Rd1 Re8 30. Ra1 Bb6 31. Kd1 Be3 32. a4 g4 33. hxg4 hxg4 34.
axb5 axb5 35. Ra5 Rh8 36. Rxb5 Ba6 37. Rd5 Bc4 38. Rd6+ Ke7 39. Rd7+ Kxd7 40.
Ne5+ Ke6 41. Nxc4 g3 42. Bf1 Ra8 43. b4 Ra1+ 44. Ke2 Kd5 45. Na5 Bf2 46. c4+
Ke6 0-1

[Event "World op 24th"]
[Site "Philadelphia"]
[Date "1996.??.??"]
[Round "?"]
[White "Ashley, Maurice"]
[Black "Shapiro, Daniel E"]
[Result "1-0"]
[WhiteElo "2460"]
[BlackElo "2275"]
[PlyCount "51"]
[EventDate "1996.??.??"]
[EventType "swiss"]
[EventRounds "9"]
[EventCountry "USA"]
[SourceTitle "EXT 2001"]
[Source "ChessBase"]
[SourceDate "2000.11.22"]
[SourceVersion "1"]
[SourceVersionDate "2000.11.22"]
[SourceQuality "1"]

1. e4 e6 2. d4 d5 3. exd5 exd5 4. c4 Nf6 5. Nc3 Be7 6. Bd3 O-O 7. Nge2 dxc4 8.
Bxc4 c6 9. O-O Nbd7 10. Re1 Nb6 11. Bb3 a5 12. a3 Nbd5 13. Nf4 Nxf4 14. Bxf4
Bg4 15. Qd2 Ne8 16. d5 cxd5 17. Bxd5 Bf6 18. h3 Bxc3 19. bxc3 Bf5 20. Rad1 Qb6
21. Re7 Nf6 22. Be3 Nxd5 23. Bxb6 Nxe7 24. Qg5 f6 25. Qf4 Be6 26. Qe4 1-0

[Event "World op 24th"]
[Site "Philadelphia"]
[Date "1996.??.??"]
[Round "?"]
[White "Ashley, Maurice"]
[Black "Wolff, Patrick G"]
[Result "1-0"]
[WhiteElo "2460"]
[BlackElo "2565"]
[PlyCount "105"]
[EventDate "1996.??.??"]
[EventType "swiss"]
[EventRounds "9"]
[EventCountry "USA"]
[SourceTitle "EXT 2001"]
[Source "ChessBase"]
[SourceDate "2000.11.22"]
[SourceVersion "1"]
[SourceVersionDate "2000.11.22"]
[SourceQuality "1"]

1. c4 e5 2. Nc3 Nf6 3. Nf3 Nc6 4. e4 Bb4 5. d3 Bxc3+ 6. bxc3 d6 7. Be2 O-O 8.
Bg5 Qe7 9. Nd2 h6 10. Be3 Nh7 11. O-O f5 12. f3 Nf6 13. Rb1 b6 14. Re1 Qf7 15.
Kh1 Bd7 16. Qc2 Ne7 17. d4 Qg6 18. c5 fxe4 19. cxd6 cxd6 20. fxe4 Ned5 21. Qb3
Ba4 22. Qxa4 Nxe3 23. Bc4+ Nxc4 24. Qxc4+ Kh8 25. Qe6 Qh5 26. h3 Rad8 27. Kg1
Rfe8 28. Qb3 Qg6 29. d5 Nh5 30. c4 Rf8 31. Rf1 Ng3 32. Rxf8+ Rxf8 33. Qe3 Nh5
34. Rf1 Nf4 35. Rf2 Rc8 36. Kh2 Qh5 37. Qa3 Qh4 38. Qe3 Rc5 39. Nf3 Qe7 40. Nd2
Qd7 41. Qf3 Kh7 42. Qb3 Qc8 43. Qa3 a6 44. Nb3 Rxc4 45. Qxd6 Rxe4 46. Qxb6 Nxd5
47. Qd6 Nf4 48. Nc5 Re1 49. Qd2 Ra1 50. Qc3 Kh8 51. Qxa1 Qxc5 52. Qb2 Qd6 53.
Qb7 1-0

[Event "World op 24th"]
[Site "Philadelphia"]
[Date "1996.??.??"]
[Round "?"]
[White "Del Pilar, Reynaldo"]
[Black "Ashley, Maurice"]
[Result "0-1"]
[WhiteElo "2335"]
[BlackElo "2460"]
[PlyCount "62"]
[EventDate "1996.??.??"]
[EventType "swiss"]
[EventRounds "9"]
[EventCountry "USA"]
[SourceTitle "EXT 2001"]
[Source "ChessBase"]
[SourceDate "2000.11.22"]
[SourceVersion "1"]
[SourceVersionDate "2000.11.22"]
[SourceQuality "1"]

1. e4 c5 2. Nf3 d6 3. d4 Nf6 4. Nc3 cxd4 5. Nxd4 Nc6 6. Bg5 e6 7. Qd2 a6 8.
O-O-O h6 9. Be3 Bd7 10. f3 Qc7 11. Bd3 Ne5 12. Rhe1 b5 13. Kb1 Nc4 14. Bxc4
Qxc4 15. g4 b4 16. Nce2 a5 17. h4 g6 18. g5 hxg5 19. hxg5 Nh5 20. f4 a4 21. e5
d5 22. Rh1 Rg8 23. Rc1 Qa6 24. c3 Rb8 25. Ka1 b3 26. Rb1 bxa2 27. Kxa2 Bb5 28.
Nxb5 Qxb5 29. Nd4 Qc4+ 30. b3 axb3+ 31. Rxb3 Qa4+ 0-1

[Event "World op 24th"]
[Site "Philadelphia"]
[Date "1996.??.??"]
[Round "?"]
[White "Kobas, Adnan"]
[Black "Ashley, Maurice"]
[Result "1-0"]
[WhiteElo "2290"]
[BlackElo "2460"]
[PlyCount "115"]
[EventDate "1996.??.??"]
[EventType "swiss"]
[EventRounds "9"]
[EventCountry "USA"]
[SourceTitle "EXT 2001"]
[Source "ChessBase"]
[SourceDate "2000.11.22"]
[SourceVersion "1"]
[SourceVersionDate "2000.11.22"]
[SourceQuality "1"]

1. e4 c5 2. Nf3 d6 3. d4 Nf6 4. Nc3 cxd4 5. Qxd4 Bd7 6. Bg5 Nc6 7. Qd2 a6 8.
O-O-O Qa5 9. Bc4 e6 10. Rhe1 O-O-O 11. Kb1 Be7 12. Nd4 Kb8 13. f4 h6 14. Bxf6
gxf6 15. Nxc6+ Bxc6 16. f5 Bd7 17. Ne2 Qe5 18. Nf4 Rhg8 19. g3 Rde8 20. Re3 Bc8
21. Rde1 Bd8 22. Rb3 Ka8 23. Qd3 Re7 24. Rd1 Rc7 25. Rc3 Rc6 26. Qf3 Ba5 27.
Nd3 Qd4 28. Nb4 Qxd1+ 29. Qxd1 Bxb4 30. fxe6 fxe6 31. Bxe6 Bxe6 32. Rxc6 bxc6
33. c3 Bc5 34. b4 Bg4 35. Qd3 Ba7 36. Qxd6 Rc8 37. Qxf6 Be2 38. Kc2 Bc4 39. a4
Kb7 40. Qxh6 Rd8 41. Qg7+ Ka8 42. Qf6 Rc8 43. h4 c5 44. h5 cxb4 45. h6 bxc3 46.
h7 Bb3+ 47. Kxb3 c2 48. Qh6 Kb7 49. h8=Q Rxh8 50. Qg7+ Kb6 51. Kxc2 Rc8+ 52.
Kd3 Rc7 53. a5+ Kb7 54. Qb2+ Kc8 55. e5 Bc5 56. Ke4 Bf8 57. g4 Bg7 58. Qb6 1-0

[Event "World op 24th"]
[Site "Philadelphia"]
[Date "1996.??.??"]
[Round "?"]
[White "Mayer, Steven F"]
[Black "Ashley, Maurice"]
[Result "0-1"]
[WhiteElo "2190"]
[BlackElo "2460"]
[PlyCount "62"]
[EventDate "1996.??.??"]
[EventType "swiss"]
[EventRounds "9"]
[EventCountry "USA"]
[SourceTitle "EXT 2001"]
[Source "ChessBase"]
[SourceDate "2000.11.22"]
[SourceVersion "1"]
[SourceVersionDate "2000.11.22"]
[SourceQuality "1"]

1. e4 c5 2. Nf3 d6 3. d4 Nf6 4. Nc3 cxd4 5. Nxd4 Nc6 6. Bg5 e6 7. Qd2 a6 8.
O-O-O h6 9. Be3 Bd7 10. f4 b5 11. Bd3 Be7 12. Kb1 O-O 13. h3 Qc7 14. g4 Nxd4
15. Bxd4 Bc6 16. e5 Nd7 17. Ne4 dxe5 18. fxe5 Bxe4 19. Bxe4 Rad8 20. Qh2 Nc5
21. Bf3 Bh4 22. c3 Rd7 23. Bxc5 Rxd1+ 24. Rxd1 Qxc5 25. Rd6 a5 26. Rc6 Qa7 27.
Qd2 Qg1+ 28. Qd1 Qg3 29. Qe2 b4 30. cxb4 axb4 31. Rb6 Qg1+ 0-1

[Event "World op 24th"]
[Site "Philadelphia"]
[Date "1996.??.??"]
[Round "?"]
[White "Zaichik, Gennadi"]
[Black "Ashley, Maurice"]
[Result "1/2-1/2"]
[WhiteElo "2540"]
[BlackElo "2460"]
[PlyCount "130"]
[EventDate "1996.??.??"]
[EventType "swiss"]
[EventRounds "9"]
[EventCountry "USA"]
[SourceTitle "EXT 2001"]
[Source "ChessBase"]
[SourceDate "2000.11.22"]
[SourceVersion "1"]
[SourceVersionDate "2000.11.22"]
[SourceQuality "1"]

1. d4 Nf6 2. c4 e6 3. g3 c5 4. d5 exd5 5. cxd5 d6 6. Nc3 g6 7. Bg2 Bg7 8. Nf3
O-O 9. O-O Re8 10. Nd2 a6 11. a4 Nbd7 12. Nc4 Ne5 13. Na3 Nh5 14. h3 Bd7 15.
Rb1 Rb8 16. Bd2 b5 17. axb5 axb5 18. b4 cxb4 19. Rxb4 Qa5 20. Ncb1 Qa6 21. Bc3
Nf6 22. Re1 Qc8 23. f4 Qc5+ 24. Qd4 Nxd5 25. Qxc5 dxc5 26. Rxb5 Bxb5 27. Bxd5
Bc6 28. Bxe5 Bxd5 29. Bxb8 Rxb8 30. Kf2 Rb2 31. Rd1 Bd4+ 32. Ke1 Be6 33. h4 h5
34. Nd2 Bc3 35. Nab1 Bb4 36. Rc1 f5 37. Nc3 Kf7 38. e3 Ke8 39. Kd1 Bd7 40. Ke2
Bc6 41. Kd3 Kd8 42. e4 c4+ 43. Nxc4 Rg2 44. Kd4 Rxg3 45. Nd5 Be7 46. Ne5 Bxd5
47. Kxd5 fxe4 48. Ke6 Ke8 49. Rc8+ Bd8 50. Nf7 Rd3 51. Nd6+ Rxd6+ 52. Kxd6 e3
53. Rc3 Bxh4 54. Rxe3+ Kf7 55. Ke5 Bf6+ 56. Ke4 Ba1 57. Rb3 Ke6 58. Rb6+ Kf7
59. Kd3 Bh8 60. Rb7+ Ke6 61. Ke4 Ba1 62. Rh7 Bb2 63. Rh6 Kf7 64. f5 gxf5+ 65.
Kxf5 Ke7 1/2-1/2

[Event "New York CITS"]
[Site "New York"]
[Date "1996.??.??"]
[Round "2"]
[White "Ashley, Maurice"]
[Black "De Firmian, Nick E"]
[Result "0-1"]
[WhiteElo "2460"]
[BlackElo "2595"]
[Annotator "Hecht,H"]
[PlyCount "150"]
[EventDate "1996.03.??"]
[EventType "tourn"]
[EventRounds "11"]
[EventCountry "USA"]
[EventCategory "13"]
[SourceTitle "CBM 052"]
[Source "ChessBase"]
[SourceDate "1996.06.01"]
[SourceVersion "1"]
[SourceVersionDate "1996.06.01"]
[SourceQuality "1"]

1. d4 Nf6 2. c4 c5 3. e3 e6 4. Nf3 d5 5. Nc3 Nc6 6. cxd5 exd5 7. Bb5 Bd6 8.
dxc5 Bxc5 9. O-O O-O 10. b3 Bg4 11. Bb2 a6 12. Bxc6 bxc6 13. Rc1 Bd6 14. Ne2
Bxf3 15. gxf3 Rc8 16. Kh1 Re8 17. Rg1 g6 18. Qd2 Bf8 19. b4 a5 20. a3 axb4 21.
axb4 Bg7 22. Rc2 Qd7 23. Rgc1 Nh5 24. Bxg7 Nxg7 25. Nd4 Qh3 26. Qd1 Nf5 27.
Nxf5 Qxf5 28. Rxc6 Rxc6 29. Rxc6 Rb8 30. Qd4 Qxf3+ 31. Kg1 Qf5 32. Rd6 Qg5+ 33.
Kf1 Qh5 34. Rxd5 Qxh2 35. Rd8+ Rxd8 36. Qxd8+ {[#] D-D: Remisendspiel bei je 1
Freibauern; ab Zug 67 ohne Not Doppeldamen- endspiel bei wesentlich besseren
Positionen der schwarzen Damen und Kцnig} Kg7 37. Qd4+ Kg8 38. Qd8+ Kg7 39.
Qd4+ Kg8 40. Qd5 Qh3+ 41. Ke1 Qg4 42. b5 Qb4+ 43. Ke2 h5 44. f4 Qb2+ 45. Kf3
Qb1 46. Qd8+ Kh7 47. b6 Qh1+ 48. Ke2 h4 49. Qd7 Qg2+ 50. Kd3 Qf1+ 51. Kc3 Qc1+
52. Kb4 Qb2+ 53. Kc5 Qc3+ 54. Kb5 Qb2+ 55. Ka6 Qa3+ 56. Kb7 Kg7 57. Qd4+ f6 58.
Qd7+ Kh6 59. Qd8 Kg7 60. Qd7+ Kh6 61. Qd8 Kg7 62. Kb8 $2 Qxe3 63. b7 h3 64.
Qd7+ Kh6 65. Kc8 h2 66. b8=Q h1=Q $19 {[#] Schwarz gewinnt wegen der besseren
Damen- und Kцnigsposition} 67. Kd8 (67. Qbc7 Qa8+ 68. Qb8 Qc5+ $19) (67. Qdd6
Qe8+ 68. Kc7 Qc1+ $19) 67... Qhe4 68. f5 Qxf5 69. Qh2+ Qh5 70. Qhc7 Qhe5 71.
Qb7 Q5e4 72. Qbc7 Qa8+ 73. Qdc8 Qd5+ 74. Q7d7 Qg8+ 75. Kc7 Qc5+ 0-1

[Event "New York CITS"]
[Site "New York"]
[Date "1996.??.??"]
[Round "3"]
[White "Serper, Grigory"]
[Black "Ashley, Maurice"]
[Result "1-0"]
[WhiteElo "2540"]
[BlackElo "2460"]
[PlyCount "121"]
[EventDate "1996.03.??"]
[EventType "tourn"]
[EventRounds "11"]
[EventCountry "USA"]
[EventCategory "13"]
[SourceTitle "CBM 052"]
[Source "ChessBase"]
[SourceDate "1996.06.01"]
[SourceVersion "1"]
[SourceVersionDate "1996.06.01"]
[SourceQuality "1"]

1. c4 Nf6 2. Nf3 e6 3. g3 b6 4. Bg2 Bb7 5. O-O c5 6. Nc3 d6 7. d4 cxd4 8. Qxd4
a6 9. Bg5 Nbd7 10. Rfd1 Qc7 11. Nd2 Bxg2 12. Kxg2 Be7 13. Nde4 O-O 14. Rac1
Rfd8 15. Kg1 h6 16. Nxf6+ Nxf6 17. Be3 Rab8 18. Ne4 Nxe4 19. Qxe4 Qd7 20. Qg4
Kh7 21. Qe4+ Kg8 22. b3 Qe8 23. a4 Qd7 24. Rd3 Qc7 25. Qg4 Kh7 26. Bd4 Bf8 27.
Bb2 Qb7 28. Qf3 Qxf3 29. Rxf3 Rd7 30. Rd3 Kg8 31. e4 f6 32. Rcd1 Kf7 33. Ba3
Rbd8 34. Kg2 b5 $2 35. axb5 axb5 36. c5 d5 37. c6 Rc7 38. Bxf8 Kxf8 39. exd5
exd5 40. Rxd5 Rxd5 41. Rxd5 Rxc6 42. Rxb5 h5 43. b4 Rc4 44. Rb7 Kg8 45. h4 Kh7
46. Kf3 Kg6 47. b5 Rb4 48. b6 Kf5 49. Ke3 Kg6 50. Kd3 Kf5 51. Kc3 Rb1 52. Kd4
Rb2 53. f3 Rb3 54. Kc5 g5 55. Rd7 gxh4 56. gxh4 Kf4 57. Rd4+ Kxf3 58. Rb4 Rc3+
59. Kd6 Rc8 60. b7 Rb8 61. Ke6 1-0